The political economy of rural development: strategies for poverty alleviation (Record no. 342669)

000 -LEADER
fixed length control field 00408cam a22001337a 4500
008 - FIXED-LENGTH DATA ELEMENTS--GENERAL INFORMATION
fixed length control field 180718b1983 xxu||||| |||| 00| 0 eng d
082 ## - DEWEY DECIMAL CLASSIFICATION NUMBER
Classification number B136x54 B736
100 ## - MAIN ENTRY--PERSONAL NAME
Personal name Brara, J.S.
245 ## - TITLE STATEMENT
Title The political economy of rural development: strategies for poverty alleviation
Statement of responsibility, etc. by J.S. Brara
260 ## - PUBLICATION, DISTRIBUTION, ETC.
Place of publication, distribution, etc. Delhi
Name of publisher, distributor, etc. Allied
Date of publication, distribution, etc. 1983
300 ## - PHYSICAL DESCRIPTION
Extent 274p.
650 ## - SUBJECT ADDED ENTRY--TOPICAL TERM
Topical term or geographic name entry element Poverty - India
650 ## - SUBJECT ADDED ENTRY--TOPICAL TERM
Topical term or geographic name entry element Rural development - India
Holdings
Withdrawn status Lost status Damaged status Not for loan Permanent Location Current Location Date acquired Full call number Barcode Date last seen Price effective from Koha item type
        Indian Institute of Public Administration Indian Institute of Public Administration 2009-11-30 B136x54 B736 60470 2018-07-21 2018-07-21 Book
        Indian Institute of Public Administration Indian Institute of Public Administration 2009-11-30 B136x54 B736 60469 2018-07-21 2018-07-21 Book
        Indian Institute of Public Administration Indian Institute of Public Administration 1993-09-24 B136x54 B736 59418 2018-07-21 2018-07-21 Book

Powered by Koha